[Event "6. Torneo Aficionados Bali - Sub-2000"]
[Site "Benidorm ESP"]
[Date "2007.12.06"]
[Round "7.14"]
[White "Abul, Qasem"]
[Black "De La Calle Llopis, Juan"]
[Result "1-0"]
[WhiteElo "1890"]
[BlackElo "1961"]
[PlyCount "51"]
[EventDate "2007.11.30"]
[EventType "swiss"]
[EventRounds "9"]
[EventCountry "ESP"]
[Source "lmi"]
[SourceDate "2007.11.30"]

1. e4 c6 2. d4 d5 3. e5 Bf5 4. Be3 e6 5. Nd2 Nd7 6. Nb3 a6 7. f4 h5 8. Nf3 Rc8
9. Be2 Be7 10. O-O g6 11. h3 Nh6 12. Bf2 c5 13. dxc5 Nxc5 14. Nxc5 Bxc5 15. Bd3
Qb6 16. Rb1 O-O 17. c3 Bxd3 18. Qxd3 Bxf2+ 19. Rxf2 Nf5 20. g4 hxg4 21. hxg4
Ne3 22. Nd4 Nc4 23. f5 Nxe5 24. Qh3 exf5 25. gxf5 Rc6 26. Rh2 1-0

[Event "6. Torneo Aficionados Bali - Sub-2000"]
[Site "Benidorm ESP"]
[Date "2007.12.06"]
[Round "7.16"]
[White "Cubillo Muñoz, Miguel"]
[Black "Rico Sanchez, Julio"]
[Result "1/2-1/2"]
[WhiteElo "1828"]
[BlackElo "1960"]
[PlyCount "78"]
[EventDate "2007.11.30"]
[EventType "swiss"]
[EventRounds "9"]
[EventCountry "ESP"]
[Source "lmi"]
[SourceDate "2007.11.30"]

1. d4 d5 2. c4 e5 3. Nc3 exd4 4. Qxd4 Nc6 5. Qxd5 Be6 6. Bg5 Be7 7. Bxe7 Ngxe7
8. Qg5 Ng6 9. Qxd8+ Rxd8 10. e4 Nge5 11. Nd5 Bxd5 12. cxd5 Nb4 13. f4 Ned3+ 14.
Bxd3 Nxd3+ 15. Ke2 Nxf4+ 16. Kf3 Ng6 17. Ne2 O-O 18. Rac1 c6 19. Nc3 f5 20.
dxc6 Ne5+ 21. Kg3 Rd3+ 22. Kf4 Ng6+ 23. Kg5 Rd2 24. g3 bxc6 25. exf5 Ne7 26.
Ne4 Rxf5+ 27. Kg4 Rd4 28. Rhe1 Re5 29. Kf4 Ng6+ 30. Kf3 Rb5 31. Rc2 Rbd5 32.
Kg2 Ne5 33. Ree2 h6 34. a3 Rc4 35. Nc3 Rdc5 36. Rcd2 Ng4 37. Rd8+ Kh7 38. Rd7
a5 39. Ree7 Rg5 1/2-1/2

[Event "6. Torneo Aficionados Bali - Sub-2000"]
[Site "Benidorm ESP"]
[Date "2007.12.06"]
[Round "7.18"]
[White "Carcel Valero, Juan Antonio"]
[Black "Olias Muñoz, Francisco"]
[Result "1-0"]
[WhiteElo "1859"]
[BlackElo "1950"]
[PlyCount "59"]
[EventDate "2007.11.30"]
[EventType "swiss"]
[EventRounds "9"]
[EventCountry "ESP"]
[Source "lmi"]
[SourceDate "2007.11.30"]

1. e4 c5 2. Nf3 d6 3. d4 cxd4 4. Nxd4 Nf6 5. Nc3 g6 6. Be3 Bg7 7. f3 O-O 8. Qd2
Nc6 9. Bc4 Bd7 10. h4 Qa5 11. O-O-O Rfc8 12. Bb3 Ne5 13. h5 Nxh5 14. g4 Nf6 15.
Bh6 Bh8 16. Nf5 Bxf5 17. gxf5 Rxc3 18. fxg6 hxg6 19. bxc3 Nxf3 20. Qg2 Ne5 21.
Rdg1 d5 22. Bf4 Qxc3 23. Rxh8+ Kxh8 24. Qh2+ Kg7 25. Bxe5 Qe3+ 26. Kb1 Qxe4 27.
Rh1 Kf8 28. Qh8+ Ng8 29. Qxg8+ Kxg8 30. Rh8# 1-0

[Event "6. Torneo Aficionados Bali - Sub-2000"]
[Site "Benidorm ESP"]
[Date "2007.12.06"]
[Round "7.21"]
[White "Mercadal Melia, Dante"]
[Black "Rubio Trigueros, Jose Luis"]
[Result "1-0"]
[WhiteElo "1986"]
[BlackElo "1872"]
[PlyCount "47"]
[EventDate "2007.11.30"]
[EventType "swiss"]
[EventRounds "9"]
[EventCountry "ESP"]
[Source "lmi"]
[SourceDate "2007.11.30"]

1. e4 c5 2. Nf3 d6 3. d4 cxd4 4. Nxd4 Nf6 5. Nc3 a6 6. Bc4 e6 7. Bb3 b5 8. O-O
Be7 9. f4 O-O 10. f5 e5 11. Nf3 Bb7 12. Qe2 Nbd7 13. Bg5 Rc8 14. a3 h6 15. Bh4
Re8 16. Rad1 Qc7 17. Kh1 Nb6 18. Bxf6 Bxf6 19. Nd2 Bg5 20. f6 g6 21. Qg4 Nc4
22. Rf3 Nxd2 23. Rxd2 Bxd2 24. Qxg6+ 1-0

[Event "6. Torneo Aficionados Bali - Sub-2000"]
[Site "Benidorm ESP"]
[Date "2007.12.06"]
[Round "7.22"]
[White "Vazquez Abad, Juan C"]
[Black "Rodriguez Ferrer, Pablo"]
[Result "1/2-1/2"]
[WhiteElo "1863"]
[BlackElo "1985"]
[PlyCount "31"]
[EventDate "2007.11.30"]
[EventType "swiss"]
[EventRounds "9"]
[EventCountry "ESP"]
[Source "lmi"]
[SourceDate "2007.11.30"]

1. d4 d5 2. Nf3 Nf6 3. g3 e6 4. Bg2 Nbd7 5. O-O Bd6 6. c4 c6 7. Nc3 O-O 8. Qd3
dxc4 9. Qxc4 e5 10. Rd1 Qe7 11. Bg5 h6 12. Bxf6 Nxf6 13. dxe5 Bxe5 14. Nxe5
Qxe5 15. Qd4 Qa5 16. b4 1/2-1/2

[Event "6. Torneo Aficionados Bali - Sub-2000"]
[Site "Benidorm ESP"]
[Date "2007.12.06"]
[Round "7.36"]
[White "Santos Ramos, Carles"]
[Black "Vasques, Jose Mesquita"]
[Result "1-0"]
[WhiteElo "1993"]
[BlackElo "1907"]
[PlyCount "49"]
[EventDate "2007.11.30"]
[EventType "swiss"]
[EventRounds "9"]
[EventCountry "ESP"]
[Source "lmi"]
[SourceDate "2007.11.30"]

1. e4 c5 2. Nf3 Nc6 3. d4 cxd4 4. c3 dxc3 5. Nxc3 g6 6. Bc4 e6 7. Bg5 Be7 8.
Bf4 d6 9. O-O a6 10. Qe2 b5 11. Bb3 Bd7 12. Rfd1 b4 13. Na4 e5 14. Be3 Nf6 15.
Nb6 Ng4 16. Nxa8 Nxe3 17. Qxe3 Qxa8 18. Qh6 Bf8 19. Qh4 Be7 20. Qh6 Bf8 21. Qd2
Be7 22. Rac1 Be6 23. Ba4 Bd7 24. Qd5 O-O 25. Bxc6 1-0

[Event "6. Torneo Aficionados Bali - Sub-2000"]
[Site "Benidorm ESP"]
[Date "2007.12.06"]
[Round "7.38"]
[White "Agullo Valcarcel, Carlos"]
[Black "Buscaglia, Claudio"]
[Result "0-1"]
[WhiteElo "1870"]
[BlackElo "1991"]
[PlyCount "62"]
[EventDate "2007.11.30"]
[EventType "swiss"]
[EventRounds "9"]
[EventCountry "ESP"]
[Source "lmi"]
[SourceDate "2007.11.30"]

1. e4 e5 2. Nf3 Nc6 3. c3 d5 4. Bb5 dxe4 5. Nxe5 Qd5 6. Bxc6+ bxc6 7. Ng4 Ba6
8. b3 Bd3 9. Bb2 O-O-O 10. c4 Qe6 11. Ne5 Nf6 12. h3 Bc5 13. Ng4 Nxg4 14. Qxg4
f5 15. Qg3 Bd6 16. Qe3 f4 17. Qxa7 e3 18. dxe3 fxe3 19. Qxe3 Qxe3+ 20. fxe3
Bg3+ 21. Kd1 Bxb1+ 22. Ke2 Bd3+ 23. Kf3 Bh4 24. Bxg7 Rhg8 25. Bh6 Rg3+ 26. Kf4
Rxg2 27. Rhg1 Rf2+ 28. Kg4 Bf6 29. Bg5 Rg8 30. Kg3 Rf5 31. h4 Bxg5 0-1

[Event "6. Torneo Aficionados Bali - Sub-2000"]
[Site "Benidorm ESP"]
[Date "2007.12.06"]
[Round "7.44"]
[White "Martinez Rubi, Alberto"]
[Black "Armelles Ferrer, Miguel"]
[Result "1-0"]
[WhiteElo "1981"]
[BlackElo "1809"]
[PlyCount "23"]
[EventDate "2007.11.30"]
[EventType "swiss"]
[EventRounds "9"]
[EventCountry "ESP"]
[Source "lmi"]
[SourceDate "2007.11.30"]

1. e4 c5 2. Nf3 e6 3. d4 cxd4 4. Nxd4 Nf6 5. Nc3 Nc6 6. Ndb5 d6 7. Bf4 e5 8.
Bg5 Be6 9. Nd5 Bxd5 10. exd5 Ne7 11. c4 Ne4 12. Qa4 1-0

[Event "6. Torneo Aficionados Bali - Sub-2000"]
[Site "Benidorm ESP"]
[Date "2007.12.06"]
[Round "7.55"]
[White "Tung, Siu Hung"]
[Black "Gonzalo Gonzalez, Francisco"]
[Result "1-0"]
[WhiteElo "1974"]
[BlackElo "1857"]
[PlyCount "59"]
[EventDate "2007.11.30"]
[EventType "swiss"]
[EventRounds "9"]
[EventCountry "ESP"]
[Source "lmi"]
[SourceDate "2007.11.30"]

1. e4 c5 2. Nf3 Nc6 3. c3 g6 4. d4 cxd4 5. cxd4 Bg7 6. Nc3 d6 7. h3 Nf6 8. Bc4
O-O 9. Be3 Qa5 10. O-O a6 11. a3 b5 12. Ba2 b4 13. axb4 Qxb4 14. Qd2 Rb8 15. d5
Na5 16. Qd3 Nd7 17. Bd4 Nc5 18. Qe3 Bxd4 19. Nxd4 Bd7 20. Nc2 Nc4 21. Bxc4 Qxc4
22. Rab1 Na4 23. Nd4 Nxb2 24. Nce2 Nd3 25. Rbd1 Nc5 26. Ng3 Nb3 27. e5 Nxd4 28.
Rxd4 Qa2 29. Qh6 g5 30. Nh5 1-0

[Event "6. Torneo Aficionados Bali - Sub-2000"]
[Site "Benidorm ESP"]
[Date "2007.12.07"]
[Round "8.2"]
[White "Rodriguez Marcos, Jose Ramon"]
[Black "Barranco Cara, Francisco Javier"]
[Result "1-0"]
[WhiteElo "1985"]
[BlackElo "1915"]
[PlyCount "89"]
[EventDate "2007.11.30"]
[EventType "swiss"]
[EventRounds "9"]
[EventCountry "ESP"]
[Source "lmi"]
[SourceDate "2007.11.30"]

1. e4 c5 2. Nf3 d6 3. d4 cxd4 4. Nxd4 Nf6 5. Nc3 a6 6. Be3 e5 7. Nb3 Be6 8. f3
Be7 9. Qd2 O-O 10. O-O-O Qc7 11. g4 b5 12. Rg1 b4 13. Nd5 Bxd5 14. exd5 Rc8 15.
Kb1 a5 16. g5 Nh5 17. Bh3 Nd7 18. Bg4 Nf4 19. Bxf4 exf4 20. Nd4 g6 21. h4 Bf8
22. Rge1 Rcb8 23. Bxd7 Qxd7 24. Nc6 Rb7 25. Qxf4 a4 26. Re2 b3 27. cxb3 axb3
28. a3 Rb5 29. Qc4 Qb7 30. Rd3 Qa6 31. Ree3 Bg7 32. Rxb3 Rxb3 33. Qxb3 Qf1+ 34.
Ka2 Qh3 35. Qb4 Qh2 36. Rb3 Re8 37. h5 gxh5 38. f4 h4 39. Qxd6 h3 40. Qd7 Rf8
41. Qf5 Qg2 42. Qxh3 Qe4 43. Qf3 Qc2 44. f5 Bh8 45. Qd1 1-0

[Event "6. Torneo Aficionados Bali - Sub-2000"]
[Site "Benidorm ESP"]
[Date "2007.12.07"]
[Round "8.5"]
[White "Quintino, Luis Filipe Pires D"]
[Black "Bendayan Claros, Aaron"]
[Result "1/2-1/2"]
[WhiteElo "1989"]
[BlackElo "1922"]
[PlyCount "79"]
[EventDate "2007.11.30"]
[EventType "swiss"]
[EventRounds "9"]
[EventCountry "ESP"]
[Source "lmi"]
[SourceDate "2007.11.30"]

1. d4 Nf6 2. Bg5 g6 3. Bxf6 exf6 4. e3 Bg7 5. Nf3 d5 6. Bd3 O-O 7. Nbd2 Re8 8.
c3 Nd7 9. O-O f5 10. c4 dxc4 11. Bxc4 Nb6 12. Bb3 Be6 13. Rc1 c6 14. Re1 Rc8
15. Nc4 Bd5 16. Nce5 f6 17. Nd3 Bh6 18. g3 Kh8 19. Bxd5 Qxd5 20. b3 g5 21. Nd2
f4 22. Qh5 fxe3 23. fxe3 Bg7 24. Rc5 Qd6 25. Qg4 Nd5 26. e4 b6 27. Rc4 Ne7 28.
e5 fxe5 29. Nxe5 Bxe5 30. Rxe5 Ng6 31. Re4 Qf6 32. Qe2 Rf8 33. Rc1 Rfd8 34. Rd1
Qf7 35. Nf3 h6 36. Ne5 Nxe5 37. dxe5 Rf8 38. Re1 Rce8 39. e6 Qe7 40. Rd1
1/2-1/2

[Event "6. Torneo Aficionados Bali - Sub-2000"]
[Site "Benidorm ESP"]
[Date "2007.12.07"]
[Round "8.7"]
[White "Gutierrez Leon, Cristobal"]
[Black "Carcel Valero, Juan Antonio"]
[Result "1/2-1/2"]
[WhiteElo "1963"]
[BlackElo "1859"]
[PlyCount "41"]
[EventDate "2007.11.30"]
[EventType "swiss"]
[EventRounds "9"]
[EventCountry "ESP"]
[Source "lmi"]
[SourceDate "2007.11.30"]

1. Nf3 Nf6 2. b3 g6 3. Bb2 Bg7 4. g3 d6 5. Bg2 e5 6. d3 O-O 7. O-O c6 8. Nbd2
h6 9. c4 Nbd7 10. Qc2 Ne8 11. d4 Kh7 12. e3 exd4 13. exd4 Ndf6 14. Nh4 d5 15.
c5 Bd7 16. h3 Nc7 17. Kh2 Re8 18. Ndf3 Re7 19. Ne5 Be8 20. f4 Rc8 21. g4
1/2-1/2

[Event "6. Torneo Aficionados Bali - Sub-2000"]
[Site "Benidorm ESP"]
[Date "2007.12.07"]
[Round "8.9"]
[White "Penarrubia Blasco, Jose Alfredo"]
[Black "Picazo Gonzalez, Alejandro"]
[Result "1-0"]
[WhiteElo "1893"]
[BlackElo "1958"]
[PlyCount "33"]
[EventDate "2007.11.30"]
[EventType "swiss"]
[EventRounds "9"]
[EventCountry "ESP"]
[Source "lmi"]
[SourceDate "2007.11.30"]

1. e4 e5 2. Nf3 Nc6 3. Nc3 Nf6 4. Bb5 Bb4 5. d3 d6 6. h3 O-O 7. O-O Bxc3 8.
bxc3 Qe7 9. Bg5 Nd8 10. Nh2 Ne6 11. Bh4 Nf4 12. Ng4 Bxg4 13. Qxg4 c6 14. Bc4
Ng6 15. Qg5 h6 16. Qxg6 d5 17. Bxf6 1-0

[Event "6. Torneo Aficionados Bali - Sub-2000"]
[Site "Benidorm ESP"]
[Date "2007.12.07"]
[Round "8.11"]
[White "Ruiz Ureta, Ernesto"]
[Black "Durandeau, Jean-Marie"]
[Result "1-0"]
[WhiteElo "1995"]
[BlackElo "1947"]
[PlyCount "65"]
[EventDate "2007.11.30"]
[EventType "swiss"]
[EventRounds "9"]
[EventCountry "ESP"]
[Source "lmi"]
[SourceDate "2007.11.30"]

1. e4 c5 2. Nf3 Nc6 3. d4 cxd4 4. Nxd4 Nf6 5. Nc3 e5 6. Ndb5 d6 7. Nd5 Nxd5 8.
exd5 Nb8 9. c4 Be7 10. Bd3 a6 11. Nc3 O-O 12. Be3 f5 13. f3 Nd7 14. O-O f4 15.
Bf2 Qe8 16. c5 dxc5 17. d6 Bd8 18. Be4 Kh8 19. Na4 c4 20. Qc2 Rb8 21. Ba7 Ra8
22. Bf2 Rb8 23. Nc5 Nxc5 24. Bxc5 Qb5 25. Qf2 Bd7 26. a4 Qa5 27. Ba7 Ra8 28.
Kh1 Qb4 29. Bc5 Qa5 30. Rfc1 Rc8 31. Rxc4 b5 32. b4 bxc4 33. bxa5 1-0

[Event "6. Torneo Aficionados Bali - Sub-2000"]
[Site "Benidorm ESP"]
[Date "2007.12.07"]
[Round "8.14"]
[White "Marcos Robles, Juan Antonio"]
[Black "Perez Garcia, Jose Miguel"]
[Result "1-0"]
[WhiteElo "1850"]
[BlackElo "1977"]
[PlyCount "81"]
[EventDate "2007.11.30"]
[EventType "swiss"]
[EventRounds "9"]
[EventCountry "ESP"]
[Source "lmi"]
[SourceDate "2007.11.30"]

1. e4 c5 2. Nf3 e6 3. d4 cxd4 4. Nxd4 a6 5. Bd3 Nf6 6. O-O Qc7 7. c4 b6 8. Nc3
Bb7 9. Qe2 d6 10. Bg5 Be7 11. Rac1 O-O 12. Kh1 Nbd7 13. f4 Rfe8 14. Rf3 Nf8 15.
Rg3 Kh8 16. Rf1 Rac8 17. Rh3 e5 18. fxe5 dxe5 19. Nf5 Bd8 20. Nxg7 Kxg7 21.
Bxf6+ Bxf6 22. Qh5 Re6 23. Qh6+ Kg8 24. Rxf6 Rxf6 25. Qxf6 Ng6 26. Rg3 Qd8 27.
Nd5 Qxf6 28. Nxf6+ Kh8 29. Nd5 b5 30. b3 bxc4 31. Bxc4 a5 32. Kg1 a4 33. Kf2
axb3 34. axb3 Kg7 35. Ke3 Rb8 36. Rf3 Bc8 37. Nc7 Nh8 38. Rf2 Bd7 39. Rd2 Bc6
40. Rd6 Ba8 41. Ra6 1-0

[Event "6. Torneo Aficionados Bali - Sub-2000"]
[Site "Benidorm ESP"]
[Date "2007.12.07"]
[Round "8.16"]
[White "Dimitrijevic, Dragan"]
[Black "Mogro Flores, Simon"]
[Result "1-0"]
[WhiteElo "1970"]
[BlackElo "1951"]
[PlyCount "45"]
[EventDate "2007.11.30"]
[EventType "swiss"]
[EventRounds "9"]
[EventCountry "ESP"]
[Source "lmi"]
[SourceDate "2007.11.30"]

1. Nf3 c5 2. g3 Nf6 3. Bg2 d5 4. c4 e6 5. O-O Be7 6. b3 O-O 7. Bb2 Nc6 8. e3
dxc4 9. bxc4 Qd3 10. Qb3 Rd8 11. Ne5 Nxe5 12. Bxe5 Ng4 13. Bc3 Rb8 14. h3 Nf6
15. Be5 Ra8 16. Nc3 Ne8 17. Nd5 Rxd5 18. cxd5 Qa6 19. dxe6 f6 20. Bc3 c4 21.
Qb2 Qxe6 22. Bb4 Bd8 23. Qd4 1-0

[Event "6. Torneo Aficionados Bali - Sub-2000"]
[Site "Benidorm ESP"]
[Date "2007.12.07"]
[Round "8.21"]
[White "Jordan Martinez, Miguel"]
[Black "Hajenius, Willem"]
[Result "1-0"]
[WhiteElo "1941"]
[BlackElo "1998"]
[PlyCount "61"]
[EventDate "2007.11.30"]
[EventType "swiss"]
[EventRounds "9"]
[EventCountry "ESP"]
[Source "lmi"]
[SourceDate "2007.11.30"]

1. e4 c5 2. Nf3 e6 3. c4 Nc6 4. Nc3 b6 5. d4 cxd4 6. Nxd4 Bb7 7. Be3 Bb4 8.
Ndb5 Qb8 9. a3 Be7 10. f3 Nf6 11. Qd2 O-O 12. Be2 Na5 13. Nd4 Rc8 14. b3 Rd8
15. b4 Nc6 16. Rd1 d5 17. cxd5 exd5 18. Bf4 Ne5 19. Nf5 Bf8 20. O-O a5 21. Qd4
Re8 22. Bb5 axb4 23. axb4 Re6 24. exd5 Nxd5 25. Nxd5 Bxd5 26. Qxd5 Bxb4 27. Bd7
Ra5 28. Qe4 Qf8 29. Bxe6 fxe6 30. Nd4 Ng6 31. Nxe6 1-0

[Event "6. Torneo Aficionados Bali - Sub-2000"]
[Site "Benidorm ESP"]
[Date "2007.12.07"]
[Round "8.22"]
[White "Gil Quilez, Sonia"]
[Black "Olias Muñoz, Francisco"]
[Result "1-0"]
[WhiteElo "1993"]
[BlackElo "1950"]
[PlyCount "111"]
[EventDate "2007.11.30"]
[EventType "swiss"]
[EventRounds "9"]
[EventCountry "ESP"]
[Source "lmi"]
[SourceDate "2007.11.30"]

1. d4 d5 2. c4 dxc4 3. e4 e5 4. d5 Nf6 5. Nc3 Be7 6. Bxc4 O-O 7. Nf3 Bg4 8. Be2
Nbd7 9. Be3 a6 10. Rc1 Ne8 11. h3 Bh5 12. g4 Bg6 13. h4 Bb4 14. Nd2 Nd6 15. Bf3
Nf6 16. Bg5 h6 17. Bxf6 Qxf6 18. Qe2 Rac8 19. Qe3 Ba5 20. g5 hxg5 21. hxg5 Qf4
22. Qxf4 exf4 23. Rh4 f6 24. Rxf4 fxg5 25. Rxf8+ Rxf8 26. Ke2 Rf4 27. Bg2 Bb6
28. f3 Bh5 29. Rh1 g6 30. Bh3 Bd4 31. Be6+ Kg7 32. Rc1 g4 33. fxg4 Bxg4+ 34.
Bxg4 Rxg4 35. Kf3 Rh4 36. Kg3 Rh5 37. Ne2 Be5+ 38. Kg4 Rh2 39. Kf3 Nf7 40. Nc4
Kf6 41. Ke3 Rh7 42. Rf1+ Ke7 43. Rxf7+ Rxf7 44. Nxe5 Rf6 45. Nf4 Rb6 46. Nfxg6+
Ke8 47. b3 a5 48. Nf4 a4 49. bxa4 Rb4 50. Ne6 Rxa4 51. Nxc7+ Ke7 52. Nb5 Rxa2
53. Kd4 Ra4+ 54. Nc4 Rb4 55. Kc5 Rb1 56. e5 1-0

[Event "6. Torneo Aficionados Bali - Sub-2000"]
[Site "Benidorm ESP"]
[Date "2007.12.07"]
[Round "8.24"]
[White "Garcia Ruano, Juan Carlos"]
[Black "Larranaga Aldalur, Jose Joaquin"]
[Result "0-1"]
[WhiteElo "1990"]
[BlackElo "1931"]
[PlyCount "61"]
[EventDate "2007.11.30"]
[EventType "swiss"]
[EventRounds "9"]
[EventCountry "ESP"]
[Source "lmi"]
[SourceDate "2007.11.30"]

1. e4 c5 2. Nf3 e6 3. d4 cxd4 4. Nxd4 a6 5. Be3 Qc7 6. Bd3 Nf6 7. O-O d5 8. Nd2
Be7 9. c3 O-O 10. exd5 Nxd5 11. Qe2 Nd7 12. Ne4 Nxe3 13. fxe3 Nf6 14. Rxf6 gxf6
15. Nxf6+ Bxf6 16. Qh5 Rd8 17. Qxh7+ Kf8 18. Rf1 Qe5 19. Kh1 Ke7 20. Bg6 Rf8
21. Nf3 Qxe3 22. Re1 Qf4 23. Re4 Qc1+ 24. Re1 Qf4 25. Re4 Qc1+ 26. Re1 Qf4 27.
Re4 Qd6 28. Nd4 Bxd4 29. Rxd4 Qe5 30. Qh4+ Qf6 31. Qe1 0-1

[Event "6. Torneo Aficionados Bali - Sub-2000"]
[Site "Benidorm ESP"]
[Date "2007.12.07"]
[Round "8.25"]
[White "Berenguer Martinez, Cruz Manuel"]
[Black "Marquez Bernal, Florencio"]
[Result "0-1"]
[WhiteElo "1927"]
[BlackElo "1989"]
[PlyCount "86"]
[EventDate "2007.11.30"]
[EventType "swiss"]
[EventRounds "9"]
[EventCountry "ESP"]
[Source "lmi"]
[SourceDate "2007.11.30"]

1. e4 c5 2. Nf3 Nc6 3. Nc3 g6 4. d4 cxd4 5. Nxd4 Bg7 6. Be3 Nf6 7. Be2 O-O 8.
O-O d5 9. exd5 Nxd5 10. Nxd5 Qxd5 11. Nxc6 Qxc6 12. c3 Be6 13. Bf3 Qb5 14. Qc1
Rfd8 15. Rd1 Rxd1+ 16. Bxd1 Bd5 17. Qd2 Qc6 18. f3 Qe6 19. a3 Rd8 20. c4 Bxb2
21. Rb1 Bxa3 22. cxd5 Rxd5 23. Bb3 Rxd2 24. Bxe6 Re2 25. Bxf7+ Kxf7 26. Bxa7
Rb2 27. Ra1 Bd6 28. Bd4 Rb3 29. h3 b5 30. Ra8 Rd3 31. Bh8 b4 32. Kf2 Rd2+ 33.
Kf1 Rc2 34. Ra1 e5 35. Ra7+ Rc7 36. Ra6 Ke6 37. Rb6 Kd5 38. g4 Kc5 39. Ra6 b3
40. Ra5+ Kc4 41. Bxe5 Bxe5 42. Rxe5 b2 43. Re1 Kb3 0-1

[Event "6. Torneo Aficionados Bali - Sub-2000"]
[Site "Benidorm ESP"]
[Date "2007.12.07"]
[Round "8.35"]
[White "Ayza Casamitjana, Antoni"]
[Black "Gutierrez Lanzarote, Alfonso"]
[Result "1-0"]
[WhiteElo "1957"]
[BlackElo "1982"]
[PlyCount "41"]
[EventDate "2007.11.30"]
[EventType "swiss"]
[EventRounds "9"]
[EventCountry "ESP"]
[Source "lmi"]
[SourceDate "2007.11.30"]

1. e4 g6 2. d4 Bg7 3. Nc3 d6 4. Be3 c6 5. Qd2 b5 6. f3 Nd7 7. O-O-O Nb6 8. h4
h5 9. Nh3 Nc4 10. Bxc4 bxc4 11. Qe2 Ba6 12. g4 Rb8 13. f4 Qb6 14. e5 dxe5 15.
fxe5 Bxe5 16. Na4 c3 17. Qf3 cxb2+ 18. Kb1 Qb5 19. dxe5 Qxa4 20. e6 Bc4 21.
Qxf7# 1-0

[Event "6. Torneo Aficionados Bali - Sub-2000"]
[Site "Benidorm ESP"]
[Date "2007.12.07"]
[Round "8.38"]
[White "Torras Campdelacreu, Xavier"]
[Black "Garcia Perez, Ramon"]
[Result "0-1"]
[WhiteElo "1983"]
[BlackElo "1865"]
[PlyCount "56"]
[EventDate "2007.11.30"]
[EventType "swiss"]
[EventRounds "9"]
[EventCountry "ESP"]
[Source "lmi"]
[SourceDate "2007.11.30"]

1. d4 e6 2. Nf3 f5 3. Bg5 Be7 4. Bxe7 Qxe7 5. Nbd2 Nf6 6. e3 d6 7. Bc4 Nc6 8.
Qe2 Nd8 9. O-O Nf7 10. Bb3 O-O 11. e4 Qd8 12. c4 f4 13. e5 dxe5 14. dxe5 Ng4
15. Rfd1 Qe7 16. h3 Ngh6 17. Ne4 b6 18. Qd2 g5 19. Qd3 Nf5 20. g4 fxg3 21. fxg3
Rd8 22. Nf6+ Kg7 23. Qe4 Rb8 24. Rxd8 Bb7 25. Qg4 Rxd8 26. Ne4 h5 27. Qxh5 Rh8
28. Qg4 Ne3 0-1

[Event "6. Torneo Aficionados Bali - Sub-2000"]
[Site "Benidorm ESP"]
[Date "2007.12.07"]
[Round "8.56"]
[White "Delicado Falco, Juan"]
[Black "Gomez Latorre, J."]
[Result "0-1"]
[WhiteElo "1839"]
[BlackElo "1996"]
[PlyCount "47"]
[EventDate "2007.11.30"]
[EventType "swiss"]
[EventRounds "9"]
[EventCountry "ESP"]
[Source "lmi"]
[SourceDate "2007.11.30"]

1. d4 Nf6 2. c4 g6 3. Nc3 Bg7 4. Nf3 O-O 5. Bg5 h6 6. Bf4 d6 7. h4 c5 8. e3 Bg4
9. Bd3 cxd4 10. exd4 Nc6 11. Be2 Qa5 12. Be3 Ne4 13. Qc1 h5 14. O-O Nxc3 15.
bxc3 e5 16. Re1 Rae8 17. Qc2 Re7 18. Rab1 Bf5 19. Qd2 Bxb1 20. Rxb1 exd4 21.
Bh6 Qxc3 22. Qc1 Rxe2 23. Bxg7 Kxg7 24. Rxb7 0-1

[Event "6. Torneo Aficionados Bali - Sub-2000"]
[Site "Benidorm ESP"]
[Date "2007.12.07"]
[Round "8.60"]
[White "Alegre Marco, Pablo"]
[Black "Maza Broto, Pablo"]
[Result "0-1"]
[WhiteElo "1796"]
[BlackElo "1958"]
[PlyCount "66"]
[EventDate "2007.11.30"]
[EventType "swiss"]
[EventRounds "9"]
[EventCountry "ESP"]
[Source "lmi"]
[SourceDate "2007.11.30"]

1. d4 e6 2. c4 Nf6 3. Nc3 Bb4 4. a3 Bxc3+ 5. bxc3 h6 6. Nf3 b6 7. e3 Bb7 8. Bd3
Ne4 9. Qc2 f5 10. O-O O-O 11. Nd2 Ng5 12. e4 Qf6 13. d5 Na6 14. f4 Nf7 15. exf5
exd5 16. cxd5 Nc5 17. Bb2 Nxd3 18. Qxd3 Nd6 19. Rab1 Qxf5 20. Qg3 Qxd5 21. Kh1
Qxd2 22. c4 Nf5 23. Qg4 Qxg2+ 24. Qxg2 Bxg2+ 25. Kxg2 Ne3+ 26. Kf3 Nxf1 27.
Rxf1 Rae8 28. Bd4 g5 29. Kg3 Rxf4 30. Rxf4 gxf4+ 31. Kxf4 Re2 32. h4 Ra2 33. c5
Rxa3 0-1

[Event "6. Torneo Aficionados Bali - Sub-2000"]
[Site "Benidorm ESP"]
[Date "2007.12.08"]
[Round "9.5"]
[White "Cubillo Muñoz, Miguel"]
[Black "Ruiz Ureta, Ernesto"]
[Result "1-0"]
[WhiteElo "1828"]
[BlackElo "1995"]
[PlyCount "61"]
[EventDate "2007.11.30"]
[EventType "swiss"]
[EventRounds "9"]
[EventCountry "ESP"]
[Source "lmi"]
[SourceDate "2007.11.30"]

1. d4 Nf6 2. c4 g6 3. Nc3 Bg7 4. e4 d6 5. f3 O-O 6. Be3 c5 7. Nge2 Nfd7 8. g4
cxd4 9. Nxd4 Nc6 10. Be2 Nde5 11. Qd2 a6 12. h4 Qa5 13. Nxc6 Nxc6 14. Bh6 Qe5
15. O-O-O b5 16. f4 Bxh6 17. g5 Qg7 18. f5 Qe5 19. cxb5 axb5 20. Bxb5 Qc5 21.
Bxc6 Qxc6 22. gxh6 Rxa2 23. Kb1 Ra8 24. Qd4 f6 25. Rhg1 Kf7 26. fxg6+ hxg6 27.
h5 g5 28. Rxg5 fxg5 29. Rf1+ Ke8 30. Rxf8+ Kxf8 31. h7 1-0

[Event "6. Torneo Aficionados Bali - Sub-2000"]
[Site "Benidorm ESP"]
[Date "2007.12.08"]
[Round "9.7"]
[White "Ferrol Muñiz, Miguel"]
[Black "Marcos Robles, Juan Antonio"]
[Result "1/2-1/2"]
[WhiteElo "1992"]
[BlackElo "1850"]
[PlyCount "54"]
[EventDate "2007.11.30"]
[EventType "swiss"]
[EventRounds "9"]
[EventCountry "ESP"]
[Source "lmi"]
[SourceDate "2007.11.30"]

1. e4 e5 2. Nf3 Nc6 3. Bc4 Bc5 4. d3 h6 5. c3 d6 6. Be3 Bxe3 7. fxe3 Be6 8. Bb5
a6 9. Ba4 b5 10. Bc2 Nge7 11. d4 exd4 12. exd4 Bg4 13. Nbd2 O-O 14. O-O b4 15.
Qe1 bxc3 16. bxc3 Na7 17. Qg3 Bh5 18. e5 Bg6 19. Bb3 d5 20. Nh4 Bh7 21. Rf6 Kh8
22. Rxa6 c6 23. Bd1 Nb5 24. Rxa8 Qxa8 25. Be2 Qa3 26. Bxb5 cxb5 27. Nb3 Bc2
1/2-1/2

[Event "6. Torneo Aficionados Bali - Sub-2000"]
[Site "Benidorm ESP"]
[Date "2007.12.08"]
[Round "9.8"]
[White "Barranco Cara, Francisco Javier"]
[Black "Quintino, Luis Filipe Pires D"]
[Result "1-0"]
[WhiteElo "1915"]
[BlackElo "1989"]
[PlyCount "65"]
[EventDate "2007.11.30"]
[EventType "swiss"]
[EventRounds "9"]
[EventCountry "ESP"]
[Source "lmi"]
[SourceDate "2007.11.30"]

1. d4 d5 2. Nf3 g6 3. c4 c6 4. Nc3 Nf6 5. Bf4 Bg7 6. e3 O-O 7. Bd3 dxc4 8. Bxc4
Nd5 9. Bg3 Nxc3 10. bxc3 b5 11. Be2 Nd7 12. O-O Nb6 13. Ne5 Bxe5 14. Bxe5 Be6
15. Qc2 Nc4 16. Bf4 Na3 17. Qc1 Qa5 18. e4 Rac8 19. Bg5 f6 20. Bh6 Rfd8 21. f4
Bc4 22. Bxc4+ Nxc4 23. f5 Qa3 24. Qe1 c5 25. Qg3 Kf7 26. e5 Rg8 27. Rae1 cxd4
28. Qf3 Qc5 29. exf6 exf6 30. Bg5 dxc3+ 31. Kh1 Nd2 32. Qh3 Nxf1 33. Qxh7+ 1-0